000 00332nam a22001457a 4500
008 230606b ||||| |||| 00| 0 eng d
020 _a529960001
041 _aeng
080 _a616.9
082 _a616.9SIM
100 _a16
101 _aINFK
245 _aMARBURG AND EBOLA VIRUS INFECTIONS
_cSIMPSON.H.I.D
942 _2udc
_cBK
999 _c59925
_d59925